[Event "2ème Open International de Haute-Bretagn"]
[Site "RENNES - FRANCE"]
[Date "2009.07.18"]
[Round "4.2"]
[White "Sriram, Jha"]
[Black "Piankov, Evgenij"]
[Result "1-0"]
[WhiteElo "2459"]
[BlackElo "2356"]
[PlyCount "79"]
[EventDate "2009.??.??"]

1. d4 d5 2. c4 c6 3. Nc3 f5 4. cxd5 cxd5 5. Bf4 e6 6. Rc1 Nc6 7. e3 Bd6 8. Nf3
Nf6 9. Bb5 O-O 10. O-O Na5 11. Bxd6 Qxd6 12. Qa4 Qb6 13. b4 Nc6 14. Bxc6 bxc6
15. Ne5 Bd7 16. Ne2 a5 17. Nxd7 Nxd7 18. Rxc6 Qxb4 19. Qc2 Rfe8 20. Nf4 Nf8 21.
Rb1 Qa3 22. g3 Ra7 23. Rb3 Qe7 24. Rbb6 Qf7 25. h4 a4 26. Ra6 a3 27. Rxa7 Qxa7
28. Rc7 Qb6 29. Nh5 Rb8 30. Rxg7+ Kh8 31. Kg2 Rb7 32. Qc8 Rb8 33. Qc3 Ra8 34.
Rf7 Kg8 35. Rc7 h6 36. Nf6+ Kh8 37. Qc1 Qd6 38. e4 f4 39. e5 Qd8 40. Rf7 1-0

[Event "2ème Open International de Haute-Bretagn"]
[Site "RENNES - FRANCE"]
[Date "2009.07.18"]
[Round "4.3"]
[White "Foisor, Cristina-Adela"]
[Black "Jolly, Jean-Francois"]
[Result "1-0"]
[WhiteElo "2424"]
[BlackElo "2366"]
[PlyCount "63"]
[EventDate "2009.??.??"]

1. Nf3 Nf6 2. g3 d5 3. Bg2 c6 4. d3 Bg4 5. Nbd2 Nbd7 6. O-O e5 7. h3 Bh5 8. e4
Bd6 9. Qe2 O-O 10. Rd1 Re8 11. g4 Bg6 12. Nh4 Nc5 13. Nf5 Ne6 14. Nf1 Nf4 15.
Qf3 Bxf5 16. exf5 e4 17. dxe4 dxe4 18. Qxf4 Bxf4 19. Rxd8 Raxd8 20. Bxf4 Nd5
21. Bd2 h5 22. Re1 hxg4 23. hxg4 f6 24. Bxe4 Kf7 25. a4 a6 26. Ng3 b5 27. axb5
axb5 28. Ra1 Ra8 29. Bxd5+ cxd5 30. Rxa8 Rxa8 31. Ne2 Re8 32. Kf1 1-0

[Event "2ème Open International de Haute-Bretagn"]
[Site "RENNES - FRANCE"]
[Date "2009.07.18"]
[Round "4.6"]
[White "Crouan, Stephane"]
[Black "Bratanov, Zsivko"]
[Result "0-1"]
[WhiteElo "2234"]
[BlackElo "2456"]
[PlyCount "52"]
[EventDate "2009.??.??"]

1. e4 c5 2. Nf3 Nc6 3. d4 cxd4 4. Nxd4 Qc7 5. Nb5 Qb8 6. c4 Nf6 7. N5c3 b6 8.
Be2 e6 9. Be3 Bc5 10. Qd2 Bb7 11. Na3 O-O 12. Nc2 Nb4 13. Bxc5 bxc5 14. a3
Nxc2+ 15. Qxc2 Qe5 16. f3 d5 17. cxd5 exd5 18. exd5 Nxd5 19. Nxd5 Bxd5 20. Rd1
Rfe8 21. Rd2 Rad8 22. Qc3 Qg5 23. O-O Bxf3 24. Qxf3 Qxd2 25. Qxf7+ Kh8 26. Bb5
Re1 0-1

[Event "2ème Open International de Haute-Bretagn"]
[Site "RENNES - FRANCE"]
[Date "2009.07.18"]
[Round "4.10"]
[White "Purenne, Benoit"]
[Black "Milchev, Nikolay"]
[Result "0-1"]
[WhiteElo "1885"]
[BlackElo "2351"]
[PlyCount "66"]
[EventDate "2009.??.??"]

1. e4 e5 2. Nf3 Nf6 3. Nxe5 d6 4. Nf3 Nxe4 5. d4 d5 6. Bd3 Nc6 7. c4 Bb4+ 8.
Bd2 Nxd2 9. Nbxd2 dxc4 10. Bxc4 O-O 11. O-O Nxd4 12. Nb3 Nxf3+ 13. Qxf3 Bd6 14.
Bd3 Qh4 15. h3 c6 16. Rad1 Be5 17. Qe2 Qf4 18. g3 Qf6 19. Nc5 Bxh3 20. Qh5 Qh6
21. Qxe5 Rfe8 22. Qc3 b6 23. Nb3 Bxf1 24. Bxf1 c5 25. Bg2 Rad8 26. Rf1 Qg5 27.
Nc1 Qd2 28. Qa3 a5 29. Nb3 Qb4 30. Qxb4 axb4 31. Rc1 Re2 32. Rb1 c4 33. Nc1
Re1+ 0-1

[Event "2ème Open International de Haute-Bretagn"]
[Site "RENNES - FRANCE"]
[Date "2009.07.18"]
[Round "4.12"]
[White "Graton, Tanguy"]
[Black "Le Goff, Damien"]
[Result "0-1"]
[WhiteElo "1870"]
[BlackElo "2270"]
[PlyCount "52"]
[EventDate "2009.??.??"]

1. e4 e6 2. d4 d5 3. Nd2 Nc6 4. Ngf3 Nf6 5. e5 Nd7 6. c3 f6 7. Bd3 fxe5 8. Nxe5
Ndxe5 9. dxe5 Nxe5 10. Qh5+ Nf7 11. Nf3 g6 12. Qh4 e5 13. Qa4+ Bd7 14. Bb5 c6
15. Be2 Bd6 16. Be3 b5 17. Qb3 Qe7 18. a4 b4 19. a5 O-O 20. O-O e4 21. Nd4 c5
22. Qxd5 cxd4 23. Qxd4 bxc3 24. Qxc3 Qe5 25. Qxe5 Bxe5 26. Rfd1 Be6 0-1

[Event "2ème Open International de Haute-Bretagn"]
[Site "RENNES - FRANCE"]
[Date "2009.07.18"]
[Round "4.13"]
[White "Grego, Pierre"]
[Black "Dubessay, Bastien"]
[Result "0-1"]
[WhiteElo "1870"]
[BlackElo "2168"]
[PlyCount "60"]
[EventDate "2009.??.??"]

1. e4 c5 2. Nc3 Nc6 3. g3 d6 4. Bg2 g6 5. d3 Bg7 6. f4 e6 7. Nf3 Nge7 8. O-O
O-O 9. Ne2 Rb8 10. g4 f5 11. gxf5 gxf5 12. Ng3 Qe8 13. Ng5 h6 14. Nh3 b5 15. c3
b4 16. Nh5 Bh8 17. Bd2 Ba6 18. Nf2 Kh7 19. Kh1 bxc3 20. bxc3 Nb4 21. Bf3 Nxd3
22. Nxd3 Bxd3 23. Re1 fxe4 24. Bg4 Nf5 25. Bxf5+ exf5 26. Ng3 d5 27. Rc1 Rb2
28. Be3 c4 29. Bxa7 Qe7 30. Qh5 Qxa7 0-1

[Event "2ème Open International de Haute-Bretagn"]
[Site "RENNES - FRANCE"]
[Date "2009.07.18"]
[Round "4.14"]
[White "Crahan, Alan"]
[Black "Le Marec, Simon"]
[Result "0-1"]
[WhiteElo "1867"]
[BlackElo "2064"]
[PlyCount "86"]
[EventDate "2009.??.??"]

1. Nf3 f5 2. d4 Nf6 3. Bg5 e6 4. c4 Be7 5. Nc3 O-O 6. e3 b6 7. Bd3 Bb7 8. O-O
Qe8 9. Bxf6 gxf6 10. e4 Bxe4 11. Bxe4 fxe4 12. Nxe4 f5 13. Nc3 Bf6 14. Nb5 Bd8
15. d5 a6 16. Nc3 e5 17. d6 c6 18. c5 b5 19. Re1 e4 20. Nd5 a5 21. Qb3 cxd5 22.
Qxd5+ Qf7 23. Qxa8 Nc6 24. Qb7 exf3 25. Qxb5 Nd4 26. Qd3 Qg7 27. g3 Bf6 28. Re7
Qg4 29. Qc4+ Kh8 30. Kf1 Bxe7 31. dxe7 Re8 32. Qf7 Qg8 33. Qxg8+ Kxg8 34. Rd1
Nc6 35. Rxd7 Rxe7 36. Rxe7 Nxe7 37. a3 a4 38. Ke1 Kf7 39. Kd2 Ke6 40. Kc3 Nc6
41. b3 Kd5 42. Kd3 Kxc5 43. Kc3 Ne5 0-1

[Event "2ème Open International de Haute-Bretagn"]
[Site "RENNES - FRANCE"]
[Date "2009.07.18"]
[Round "4.15"]
[White "Jouneau, Quentin"]
[Black "Heyman, Jacques"]
[Result "1-0"]
[WhiteElo "2007"]
[BlackElo "1855"]
[PlyCount "61"]
[EventDate "2009.??.??"]

1. e4 c6 2. d4 d5 3. f3 e6 4. Bf4 Bd6 5. e5 Bb4+ 6. c3 Bf8 7. Bd3 b6 8. Ne2 Ba6
9. Bc2 Bxe2 10. Qxe2 Ne7 11. Bg5 Qc7 12. O-O Nd7 13. a4 a6 14. Bd3 Qb7 15. Na3
g6 16. b4 h6 17. Bh4 Nf5 18. Bf2 Be7 19. Nc2 a5 20. b5 c5 21. c4 cxd4 22. cxd5
exd5 23. e6 Nc5 24. Bxd4 Rg8 25. exf7+ Kxf7 26. Rfe1 Qd7 27. Qd2 Nb3 28. Qf4
Ke8 29. Bf6 Rf8 30. Qe5 Kf7 31. Bxe7 1-0

[Event "2ème Open International de Haute-Bretagn"]
[Site "RENNES - FRANCE"]
[Date "2009.07.18"]
[Round "4.17"]
[White "Sanvoisin, Corentin"]
[Black "Collier, Timothy"]
[Result "0-1"]
[WhiteElo "1855"]
[BlackElo "1920"]
[PlyCount "102"]
[EventDate "2009.??.??"]

1. e4 c6 2. d4 d5 3. Nc3 dxe4 4. Nxe4 Bf5 5. Ng3 Bg6 6. h4 h6 7. Nf3 e6 8. Bd3
Bxd3 9. Qxd3 Nd7 10. Bf4 Qa5+ 11. Bd2 Bb4 12. Ne4 Ngf6 13. Nd6+ Ke7 14. Nc4
Bxd2+ 15. Nfxd2 Qc7 16. O-O-O Rhd8 17. Rhe1 Kf8 18. Ne4 Nxe4 19. Qxe4 Nf6 20.
Qf3 c5 21. Qa3 b5 22. Ne5 b4 23. Qg3 Rac8 24. dxc5 Qxc5 25. Rxd8+ Rxd8 26. Nd3
Qa5 27. Kb1 b3 28. axb3 Rxd3 29. Qb8+ Rd8 30. Re5 Qb6 31. Qxb6 axb6 32. Rb5 Nd7
33. c4 Rc8 34. Kc2 Rc5 35. Rxc5 bxc5 36. Kc3 Ke7 37. b4 Kd6 38. f3 e5 39. bxc5+
Nxc5 40. b4 Nd7 41. g4 g6 42. Kd3 f6 43. Ke4 Ke6 44. Ke3 f5 45. Kd3 fxg4 46.
fxg4 h5 47. g5 Kf5 48. c5 Kf4 49. Kc4 e4 50. Kb5 Ne5 51. c6 Nxc6 0-1

[Event "2ème Open International de Haute-Bretagn"]
[Site "RENNES - FRANCE"]
[Date "2009.07.18"]
[Round "4.18"]
[White "Assedo, Johaquim"]
[Black "Rachid, Danial"]
[Result "1/2-1/2"]
[WhiteElo "1823"]
[BlackElo "1910"]
[PlyCount "123"]
[EventDate "2009.??.??"]

1. d4 d5 2. c4 e6 3. Nc3 Bb4 4. Nf3 Nf6 5. Bg5 h6 6. Bh4 b6 7. a3 Bxc3+ 8. bxc3
Bb7 9. cxd5 Bxd5 10. Nd2 Bb7 11. Bxf6 Qxf6 12. e4 O-O 13. Bd3 Nd7 14. Qf3 Qxf3
15. gxf3 c5 16. Nb3 Rac8 17. Kd2 c4 18. Bc2 cxb3 19. Bxb3 Rc7 20. Rac1 Nf6 21.
Rhg1 Rd8 22. Ke3 Rdc8 23. Kd3 Ba6+ 24. Kd2 Bc4 25. Bc2 Bb5 26. Bb3 Bc6 27. Rg2
Bxe4 28. fxe4 Nxe4+ 29. Kd3 Rxc3+ 30. Rxc3 Rxc3+ 31. Kxe4 Rxb3 32. d5 Rxa3 33.
d6 Kf8 34. f3 Ke8 35. Rxg7 Kd7 36. Rxf7+ Kxd6 37. Rh7 Ra4+ 38. Ke3 Rh4 39. Rxa7
Rxh2 40. Ra1 Rb2 41. Rh1 b5 42. Rxh6 b4 43. Kd3 Kd5 44. Rh5+ Kd6 45. f4 Rf2 46.
Ke3 Rf1 47. Rb5 Rb1 48. Kd4 Ke7 49. Ke5 Re1+ 50. Kd4 Kf6 51. Rxb4 Kf5 52. Kd3
Rf1 53. Ke3 Kg4 54. Re4 Re1+ 55. Kd4 Rd1+ 56. Ke5 Kf3 57. Ra4 Re1+ 58. Kf6 Re4
59. Rxe4 Kxe4 60. Ke7 Kf5 61. Kd6 Kxf4 62. Kxe6 1/2-1/2

[Event "2ème Open International de Haute-Bretagn"]
[Site "RENNES - FRANCE"]
[Date "2009.07.??"]
[Round "4.19"]
[White "Taube, Gregor"]
[Black "Palacios-Aguilar, Diego-Andre"]
[Result "0-1"]
[WhiteElo "1835"]
[BlackElo "1894"]
[PlyCount "88"]
[EventDate "2009.??.??"]

1. e4 c5 2. Nf3 Nc6 3. c3 d5 4. exd5 Qxd5 5. d4 cxd4 6. cxd4 e6 7. Be2 Nf6 8.
Nc3 Qd7 9. O-O Bd6 10. Bg5 Be7 11. Rc1 O-O 12. Qd2 Rd8 13. Bb5 Ng4 14. Ne4 f6
15. Bf4 Bb4 16. Qc2 g5 17. Bg3 Qe7 18. Qe2 Nh6 19. Bxc6 bxc6 20. Rxc6 Nf5 21.
Rfc1 Bb7 22. Rc7 Rac8 23. Rxc8 Rxc8 24. Rxc8+ Bxc8 25. Qc4 Bb7 26. Nxf6+ Qxf6
27. Qxb4 Bxf3 28. Be5 Qd8 29. gxf3 Qd5 30. Qb8+ Kf7 31. Qxa7+ Kg6 32. Qb8 Qxf3
33. Qe8+ Kh6 34. Qxe6+ Kh5 35. Qb3 Qe4 36. Qh3+ Nh4 37. Bg3 Qe1+ 38. Qf1 Nf3+
39. Kg2 Qe4 40. Qd1 g4 41. h3 gxh3+ 42. Kf1 Kg6 43. d5 Qc4+ 44. Qe2 Qc1+ 0-1

[Event "2ème Open International de Haute-Bretagn"]
[Site "RENNES - FRANCE"]
[Date "2009.07.17"]
[Round "4.1"]
[White "Foisor, Sabina-Francesca"]
[Black "Le Roux, Jean-Pierre"]
[Result "0-1"]
[WhiteElo "2304"]
[BlackElo "2485"]
[PlyCount "166"]
[EventDate "2009.??.??"]

1. d4 Nf6 2. c4 g6 3. Nc3 d5 4. e3 Bg7 5. Nf3 O-O 6. b4 b6 7. Ba3 c5 8. bxc5
bxc5 9. Rc1 Ne4 10. cxd5 Nxc3 11. Rxc3 cxd4 12. exd4 Nd7 13. Be2 Qa5 14. Qc2
Nf6 15. O-O Nxd5 16. Rb3 Nf4 17. Bc4 Bf5 18. Qc1 Bh6 19. Qc3 Qxc3 20. Rxc3 Rfc8
21. Bc5 Rc7 22. Re1 Be6 23. Bxe6 Nxe6 24. Bb4 Rxc3 25. Bxc3 Nc7 26. Bb4 e6 27.
Bd6 Nb5 28. Bc5 a6 29. Rb1 Rd8 30. Kf1 Bf8 31. Rc1 Rc8 32. Ke2 Nxd4+ 33. Nxd4
Rxc5 34. Rxc5 Bxc5 35. Nb3 Ba7 36. f3 Kf8 37. Kd3 Ke7 38. Kc4 Kd6 39. a4 f5 40.
Nc1 e5 41. Nd3 Bg1 42. h3 Be3 43. a5 h5 44. Nb4 Bd2 45. Nxa6 Bxa5 46. Nc5 Bb6
47. Nd3 Be3 48. Nb4 Bc5 49. Nd3 Be3 50. Nb4 h4 51. Nd3 e4 52. fxe4 fxe4 53. Nb4
Ke5 54. Nd5 Bd2 55. Ne7 g5 56. Ng6+ Kf5 57. Nf8 Be3 58. Kd5 Ba7 59. Kc4 Bc5 60.
Nd7 Bf2 61. Kc3 Kf4 62. Nf6 Ba7 63. Kd2 e3+ 64. Ke2 Bd4 65. Nh7 Bc5 66. Nf6 Bd4
67. Nh7 Bb6 68. Nf6 Kg3 69. Ne4+ Kxg2 70. Nxg5 Ba7 71. Ke1 Bc5 72. Ke2 Bb6 73.
Ne6 Kg3 74. Ng5 Kg2 75. Ne6 Kxh3 76. Kf3 Kh2 77. Nf4 Kg1 78. Ke2 Ba7 79. Kf3
Kf1 80. Ne2 Bb8 81. Nd4 h3 82. Nf5 h2 83. Nxe3+ Kg1 0-1

[Event "2ème Open International de Haute-Bretagn"]
[Site "RENNES - FRANCE"]
[Date "2009.07.17"]
[Round "4.4"]
[White "Song, Julien"]
[Black "Okhotnik, Vladimir"]
[Result "1/2-1/2"]
[WhiteElo "2319"]
[BlackElo "2449"]
[PlyCount "89"]
[EventDate "2009.??.??"]

1. d4 Nf6 2. c4 g6 3. Nc3 d5 4. Bg5 Ne4 5. Bh4 Nxc3 6. bxc3 c5 7. e3 Bg7 8.
cxd5 Qxd5 9. Nf3 cxd4 10. cxd4 Nc6 11. Be2 b6 12. O-O Bb7 13. Qb3 Qxb3 14. axb3
O-O 15. Nd2 Rfe8 16. Rfc1 e6 17. Bf3 Rec8 18. Nc4 Bf8 19. Bg3 Nd8 20. Be2 Bd5
21. f3 f5 22. Bd3 Nf7 23. e4 Bb7 24. Ne5 Nxe5 25. Bxe5 Rxc1+ 26. Rxc1 Rc8 27.
Rxc8 {(=)} Bxc8 28. Kf2 Kf7 29. Bb8 a6 30. Ba7 b5 31. Bc5 Bh6 32. b4 Bb7 33.
Ke2 Bf4 34. g3 Bc7 35. Ke3 h5 36. d5 fxe4 37. dxe6+ Kxe6 38. Bxe4 Bxe4 39. Kxe4
a5 40. bxa5 Bxa5 41. h3 Be1 42. g4 b4 43. Bxb4 Bxb4 44. gxh5 gxh5 45. f4
1/2-1/2

[Event "2ème Open International de Haute-Bretagn"]
[Site "RENNES - FRANCE"]
[Date "2009.07.17"]
[Round "4.5"]
[White "Fomichenko, Eduard"]
[Black "Caroff, Frederic"]
[Result "1/2-1/2"]
[WhiteElo "2512"]
[BlackElo "2119"]
[PlyCount "122"]
[EventDate "2009.??.??"]

1. Nf3 Nf6 2. c4 g6 3. Nc3 Bg7 4. e4 d6 5. d4 O-O 6. Be2 e5 7. Be3 exd4 8. Nxd4
Re8 9. f3 c6 10. Bf2 Na6 11. O-O Nc7 12. Qd2 Bd7 13. Rad1 d5 14. cxd5 cxd5 15.
Bh4 Nxe4 16. fxe4 Qxh4 17. exd5 Bh6 18. Qe1 Be3+ 19. Kh1 Qxe1 20. Rfxe1 Bxd4
21. Rxd4 Nb5 22. Rdd1 Nxc3 23. bxc3 Rxe2 24. Rxe2 Bg4 25. Ree1 Bxd1 26. Rxd1
Rc8 27. d6 Rd8 28. h3 f5 29. c4 b6 30. c5 bxc5 31. Rc1 Rxd6 32. Rxc5 Ra6 33.
Rc8+ Kg7 34. Rc7+ Kh6 35. Rc2 f4 36. Rf2 Ra4 37. Kh2 g5 38. Rb2 Kg6 39. Kg1 h5
40. Kf2 g4 41. hxg4 hxg4 42. Rc2 a5 43. Rb2 Rb4 44. Rc2 a4 45. a3 Rd4 46. Rc8
Kf5 47. Rf8+ Ke4 48. Re8+ Kd5 49. Rg8 Rd2+ 50. Kf1 Ke4 51. Rxg4 Ke3 52. Kg1
Rd1+ 53. Kh2 Rd3 54. Rh4 Ke4 55. Rh8 Rxa3 56. Re8+ Kd4 57. Rf8 Ke3 58. Re8+ Kf2
59. Re4 f3 60. gxf3 Rxf3 61. Rxa4 Rd3 1/2-1/2

[Event "2ème Open International de Haute-Bretagn"]
[Site "RENNES - FRANCE"]
[Date "2009.07.17"]
[Round "4.7"]
[White "Suez-Panama, Gilles"]
[Black "Terrieux, Kevin"]
[Result "1/2-1/2"]
[WhiteElo "2122"]
[BlackElo "2442"]
[PlyCount "140"]
[EventDate "2009.??.??"]

1. d4 Nf6 2. Nf3 e6 3. c4 Bb4+ 4. Nbd2 b6 5. a3 Bxd2+ 6. Nxd2 Bb7 7. e3 O-O 8.
Bd3 d6 9. O-O Nbd7 10. b4 e5 11. d5 c5 12. g4 b5 13. e4 Nb6 14. cxb5 c4 15. Bc2
Qd7 16. g5 Ne8 17. a4 a6 18. bxa6 Bxa6 19. Re1 f5 20. exf5 Nxd5 21. Be4 Nc3 22.
Qf3 Nxe4 23. Qxe4 Bb7 24. Qxc4+ Kh8 25. Qe6 Qc6 26. Ne4 Rd8 27. b5 Qc7 28. Ba3
Bc8 29. Rac1 Qb7 30. Rxc8 Rxc8 31. Bxd6 Nc7 32. Qe7 Rfe8 33. Qf7 Qd5 34. Qxd5
Nxd5 35. f6 gxf6 36. gxf6 Kg8 37. Rd1 Nc3 38. Nxc3 Rxc3 39. b6 Rb3 40. Bc7 Kf7
41. a5 Ra8 42. Rd7+ Kxf6 43. b7 Rxb7 44. Bd8+ Rxd8 45. Rxb7 Rd1+ 46. Kg2 Ra1
47. Rb6+ Kg5 48. a6 Ra3 49. Re6 Kf5 50. Rh6 Kg5 51. Rb6 h5 52. Re6 Kf5 53. Rh6
Kg5 54. Rb6 Kf5 55. h3 Kg5 56. Re6 Kf5 57. Rh6 Kg5 58. Rc6 Kf5 59. f3 h4 60.
Kf2 Kg5 61. Re6 Kf5 62. Rb6 Kg5 63. Rd6 Kf4 64. Rf6+ Kg5 65. Rb6 Kf5 66. Rb4
Ra2+ 67. Ke3 Ra3+ 68. Ke2 Ra2+ 69. Kd3 Ra3+ 70. Kd2 Ra2+ 1/2-1/2

[Event "2ème Open International de Haute-Bretagn"]
[Site "RENNES - FRANCE"]
[Date "2009.07.17"]
[Round "4.8"]
[White "Mladenov, Plamen"]
[Black "Fomichenko, Svetlana"]
[Result "1-0"]
[WhiteElo "2362"]
[BlackElo "2245"]
[PlyCount "83"]
[EventDate "2009.??.??"]

1. e4 c5 2. a3 d6 3. b4 Nf6 4. bxc5 Nxe4 5. cxd6 Qxd6 6. Nf3 Nc6 7. Be2 Qg6 8.
O-O Bh3 9. Ne1 e6 10. Bh5 Qf6 11. Ra2 Bf5 12. d3 Rd8 13. Bf3 Bd6 14. dxe4 Bxh2+
15. Kxh2 Rxd1 16. Bxd1 Bxe4 17. Kg1 Bd5 18. Rb2 Ne5 19. Nd2 h5 20. c4 Bc6 21.
Ndf3 Nxc4 22. Rc2 b5 23. Be2 O-O 24. Bg5 Qg6 25. Be7 Re8 26. Bxc4 Bxf3 27. Bd3
Be4 28. Bxe4 Qxe4 29. Bb4 h4 30. Rc3 Ra8 31. Nf3 h3 32. gxh3 Qf5 33. Nd4 Qe5
34. Nc6 Qe4 35. Rd1 Kh7 36. Rd4 Qe1+ 37. Kg2 g6 38. Rf3 Qc1 39. Rh4+ Kg8 40.
Ne7+ Kg7 41. Bc3+ Kf8 42. Bf6 1-0

[Event "2ème Open International de Haute-Bretagn"]
[Site "RENNES - FRANCE"]
[Date "2009.07.17"]
[Round "4.9"]
[White "Dobrev, Nanko"]
[Black "Pozuelo, Jose"]
[Result "0-1"]
[WhiteElo "2352"]
[BlackElo "2080"]
[PlyCount "92"]
[EventDate "2009.??.??"]

1. e4 c6 2. d4 d5 3. exd5 cxd5 4. c4 Nf6 5. Nc3 Nc6 6. Nf3 e6 7. Bf4 Bb4 8. c5
Ne4 9. Rc1 f5 10. Bd3 Bxc3+ 11. bxc3 g5 12. Bxe4 gxf4 13. Bd3 Qf6 14. O-O O-O
15. Qd2 Qh6 16. Rfe1 Rf6 17. c4 Ne7 18. cxd5 Nxd5 19. Bc4 Bd7 20. Bxd5 exd5 21.
Re7 Bc6 22. Rce1 Rc8 23. Ne5 Qh4 24. Qd3 Rh6 25. h3 Qxe7 26. Qxf5 Rf8 27. Qg4+
Qg7 28. Qf3 Rhf6 29. Kh2 Kh8 30. Rc1 Rf5 31. Re1 Rg8 32. Kh1 Rg5 33. Rg1 Rxe5
34. dxe5 Qxe5 35. Qa3 a6 36. Qb4 d4 37. f3 Rd8 38. Re1 Qf6 39. Qd2 d3 40. Kh2
Qd4 41. Re7 Re8 42. Rf7 Re2 43. Qa5 d2 44. Qc7 Rxg2+ 45. Kxg2 Bxf3+ 46. Kh2
Qf2# 0-1

[Event "2ème Open International de Haute-Bretagn"]
[Site "RENNES - FRANCE"]
[Date "2009.07.17"]
[Round "4.11"]
[White "Melloul, Claude"]
[Black "Andonov, Bogomil"]
[Result "0-1"]
[WhiteElo "2019"]
[BlackElo "2311"]
[PlyCount "86"]
[EventDate "2009.??.??"]

1. e4 c5 2. Nf3 Nc6 3. d4 cxd4 4. Nxd4 Qc7 5. Nb5 Qb8 6. c4 Nf6 7. N5c3 e6 8.
Be2 b6 9. Be3 Bc5 10. Qd2 Bxe3 11. Qxe3 d6 12. Na3 e5 13. Nc2 Be6 14. Nd5 Nd7
15. O-O a6 16. b4 O-O 17. a4 a5 18. b5 Bxd5 19. cxd5 Ne7 20. f4 Qc7 21. Rfc1
exf4 22. Qxf4 Ng6 23. Nd4 Nc5 24. Qd2 Qd7 25. Bf3 Ne5 26. Rc3 Rae8 27. Kh1 f6
28. Qc2 g6 29. Re1 Nxf3 30. Nxf3 f5 31. exf5 Rxe1+ 32. Nxe1 Qxf5 33. Nf3 Qxc2
34. Rxc2 Rf4 35. Re2 Rxa4 36. Kg1 Rb4 37. Re8+ Kf7 38. Rh8 Kg7 39. Rd8 a4 40.
Ra8 Rxb5 41. Nd4 Ra5 42. Rxa5 bxa5 43. Nb5 Kf6 0-1

[Event "2ème Open International de Haute-Bretagn"]
[Site "RENNES - FRANCE"]
[Date "2009.07.17"]
[Round "4.20"]
[White "Mercier, Jean-Loup"]
[Black "Siclet, Mathieu"]
[Result "0-1"]
[WhiteElo "1875"]
[BlackElo "1816"]
[PlyCount "86"]
[EventDate "2009.??.??"]

1. b3 e5 2. Bb2 Nc6 3. e3 Nf6 4. Nf3 d6 5. Be2 g6 6. d4 e4 7. Nfd2 Bg7 8. c4
O-O 9. Nc3 Re8 10. O-O h5 11. a3 Bf5 12. Qc2 Nb8 13. d5 Nbd7 14. Nb5 g5 15.
Rae1 Bg6 16. Qd1 g4 17. Nb1 Nf8 18. Qd2 Qe7 19. N1c3 a6 20. Nd4 N6h7 21. Bd1
Be5 22. Nde2 f5 23. Nf4 Ng5 24. Nce2 h4 25. Nd4 Qg7 26. Kh1 c5 27. dxc6 bxc6
28. Bc1 Rac8 29. Rg1 Qf6 30. Ref1 c5 31. Nde2 Rb8 32. Nxg6 Nxg6 33. Nf4 g3 34.
fxg3 hxg3 35. h3 Bxf4 36. Rxf4 Qh8 37. Qd5+ Kg7 38. Bb2+ Re5 39. Bxe5+ Nxe5 40.
Qxd6 Nef7 41. Qd2 Nxh3 42. Qb2+ Kg6 43. Qxh8 Nf2+ 0-1

[Event "2ème Open International de Haute-Bretagn"]
[Site "RENNES - FRANCE"]
[Date "2009.??.??"]
[Round "4.28"]
[White "Collet, Davy"]
[Black "Aubry, Yannis"]
[Result "1/2-1/2"]
[WhiteElo "1819"]
[BlackElo "1954"]
[PlyCount "69"]
[EventDate "2009.??.??"]

1. d4 Nf6 2. Nf3 g6 3. c4 Bg7 4. Nc3 O-O 5. e4 d6 6. h3 e5 7. d5 Na6 8. Bg5 h6
9. Be3 Nd7 10. g4 f5 11. gxf5 gxf5 12. exf5 Ndc5 13. Rg1 Kh7 14. a3 Rg8 15. b4
e4 16. Ng5+ hxg5 17. Qh5+ Bh6 18. bxc5 Qf6 19. Kd2 Nxc5 20. Kc2 Bxf5 21. Rd1
Qg6 22. Qxg6+ Rxg6 23. Be2 a6 24. Bg4 Rf6 25. Bxf5+ Rxf5 26. Bxc5 dxc5 27. Nxe4
b6 28. Rg4 Rd8 29. Rd3 Kg6 30. a4 Rd7 31. Kd2 Rf8 32. Rdg3 Kh5 33. Rd3 Kg6 34.
Rdg3 Kh5 35. Rd3 1/2-1/2